000 00643nam a2200277Ia 4500
005 20260320195826.0
008 008 262003s9999 xx 000 0 hin d
020 _a9788183619486
037 _aEBOOK
040 _aCRL
040 _bhin
040 _cCRL
041 _2hin
041 _ahin
084 _qCRL
100 _aवंदना टेटे
_91133229
245 0 _aवाचिकता
250 _a2nd
260 _bRajkamal
260 _c2020
300 _a152
856 _uhttps://ebook.indiaread.in/pdfs/vachikata_by_vandna_tete.pdf
942 _cEBOOK
999 _c1716707
_d1716707